Zaliaty východ veľká voda, akú roky nepamätajú, brala všetko, čo jej prišlo do cesty, vydesených ľudí museli evakuovať

Bibliographic Details
Main Authors: Šindlerová, Naďa (Author), Kubínyi, Peter, 1961-1 (Author)
Other Authors: Barinka, Jozef (Photographer)
Format: Article
Language:Slovak
Subjects:

MARC

LEADER 00000nab a2200000 a 4500
001 vtls001488723
003 SK-MaSNL
005 20260304234020.0
008 050114c2004 xo wr|p|||||||000 b|slo
015 |a SNBRx2004/xx  |2 sllk 
038 |a SLLK 
040 |a SLLK  |b slo  |c SLLK  |e AACR2 
041 0 |a slo 
044 |a xo  |c SK 
080 |a 627.51  |2 UDC-MRF-SK2 
080 |a 364.255  |2 UDC-MRF-SK2 
100 1 |a Šindlerová, Naďa  |4 aut  |9 845736 
245 1 0 |a Zaliaty východ  |b veľká voda, akú roky nepamätajú, brala všetko, čo jej prišlo do cesty, vydesených ľudí museli evakuovať  |c Naďa Šindlerová, Peter Kubínyi 
300 |b Fotogr. 
648 7 |a júl 2004  |2 sllk  |9 1082212 
650 0 7 |a povodne  |2 sllk  |9 15273 
651 7 |a Prešovský samosprávny kraj (Slovensko)  |2 sllk  |9 23301 
700 1 |a Kubínyi, Peter,  |d 1961-1  |4 aut  |9 114639 
700 1 |a Barinka, Jozef  |4 pht  |9 298049 
773 0 |t Plus 7 dní  |g Roč. XIV, č. 32 (2004 ) s. 8-[13]  |x 1210-2040 
852 |a SLLK  |b KIS3GCP 
999 |c 3201521  |d 3203451